000
00218 a2200097 4500
001
55303
100
_a
245
_a
Discovering our world nature
260
_a
Paris
_b
Fleinemann
_c
2006
090
_c
34280
_d
34280
942
_a
NUST-CAE
_c
MONOGRAPH
_c
26981
999
_c
290376
_d
290376